| 000 | 00750nam a2200217 a 4500 | ||
|---|---|---|---|
| 999 |
_c4897 _d4897 |
||
| 001 | 4897 | ||
| 003 | BD-JhCC | ||
| 005 | 20171206170909.0 | ||
| 008 | 171205b xxu||||| |||| 00| 0 eng d | ||
| 035 | _a(BD-JhCC)4897 | ||
| 040 |
_aBD-JhCC _dBD-JhCC |
||
| 041 | _aben | ||
| 082 |
_a491.4405 _bCHO 1939 |
||
| 100 | _aচট্রোপাধ্যায়, সুনীতিকুমার | ||
| 245 |
_aভাষা প্রকাশ: বাঙ্গালা ব্যাকরণ / _c সুনীতিকুমার চট্রোপাধ্যায় |
||
| 260 |
_aকলিকাতা : _bরপা প্রকাশনী, _c1939. |
||
| 300 |
_a473 p. : _c21 cm. |
||
| 650 | _aBangla grammar | ||
| 942 |
_2ddc _cBK |
||